Nommez une réponse valide. Animaux. - Statistiques

Statistiques générales
  • Ce quiz a été pris 5 696 fois
  • Le résultat moyen est 11 sur 14
Statistiques - réponses
Réponses possibles Question Réponse % Correct
12 Un des signes astrologiques chinois. Rat | Buffle | Tigre | Lapin | Dragon | Serpent | Cheval | Chèvre | Singe | Coq | Chien | Cochon
98%
5 L'un des 5 "grands singes". Humain | Chimpanzé | Gorille | Orang-outan | Gibbon
94%
5 Un des 5 animaux à dormir le plus par jour. Paresseux | Lion | Koala |Tatou géant | Chauve-souris brune
93%
3 Dans le Top 3 des animaux causant le plus de mort chez les hommes. Moustique | Serpent | Chien
90%
6 Un animal ami de Winnie l'ourson. Lapin | Hibou | Tigre | Porcelet | Âne | Kangourou
89%
5 L'un des animaux qui fuient le zoo de New-York dans le film d'animation "Madagascar". Lion | Pingouin | Girafe | Zèbre | Hippopotame
88%
2 Oiseau commençant par une voyelle incapable de voler. Émeu | Autruche
79%
8 Un animal qui peut avoir une durée de gestation supérieur à 1 an. Baleine bleue | Dauphin | Girafe | Orque | Morse | Rhinocéros | Éléphant | Requin lézard
73%
5 L'un des 5 races de chiens "préférées" des Français en 2022. Berger australien | Golden retriever | Berger belge | Staffordshire bull terrier | Berger allemand
73%
12 Pays qui a un oiseau sur son drapeau. Albanie | Mexique | Zimbabwe | Ouganda | Papouasie-nouvelle-Guinée | Kiribati | Guatemala | Équateur | Dominique | Egypte | Zambie | kazakhstan
71%
7 Animal apparaissant sur une des pièces en Euro (hors pièces évènements). Mouflon | Lion | Chouette | Taureau | Cheval | Cigogne | Martre | Kuna | Aigle
67%
9 Surnom de l'une des équipes nationales Africaine de Football. Lions indomptables | Lions de l'Atlas | Aigles de Carthage | Fennecs | Aigles | Éléphants | Crocodiles du Nil | Requins Bleus | Coelacantes
60%
6 Dinosaure commençant par un B. Barapasaure | Barosaure | Baryonyx | Blikanasaure | Brachiosaure | Brontosaure
51%
5 Animal que l'on ne trouve qu'en Australie et qui ne commence pas par un K. Wombat | Diable de Tasmanie | Casoar | Ornithorynque | Quokka
30%
Aucun quiz correspondant
Distribution des résultats
% des personnes avec chaque résultat
Percentile par nombre de réponses
Votre historique - résultats
Vous n’avez pas pris ce quiz